| 000 | 00455cam a2200145 4500500 | ||
|---|---|---|---|
| 005 | 20260111102010.0 | ||
| 041 | _afre | ||
| 042 | _adc | ||
| 100 | 1 | 0 |
_aRuiz, Bruno _eauthor |
| 245 | 0 | 0 | _aLa vie, c'est l'ensemble des forces qui résistent à la mort |
| 260 | _c2005. | ||
| 500 | _a68 | ||
| 786 | 0 | _nEmpan | 57 | 1 | 2005-03-01 | p. 114-115 | 1152-3336 | |
| 856 | 4 | 1 | _uhttps://shs.cairn.info/revue-empan-2005-1-page-114?lang=fr&redirect-ssocas=7080 |
| 999 |
_c1629756 _d1629756 |
||